000 00465nam a2200169Ia 4500
999 _c12780
_d12780
003 OSt
005 20201015115859.0
008 190216s9999||||xx |||||||||||||| ||und||
040 _coclc
082 _a823.91
_bBEL/H
100 _aBellow, Saul
_95188
245 0 _aHenderson The Rain King /
_cSaul Bellow
260 _bPenguin Books,
_c1959.
_aLondon:
300 _a318p
650 _aNovel
942 _cBK
_2ddc
_h823.91
_iBEL/H
_k823.91
_mBEL/H